| 000 | 00586nam a2200193Ia 4500 | ||
|---|---|---|---|
| 005 | 20250508162549.0 | ||
| 008 | 008 250505s9999 xx 000 0 eng d | ||
| 037 | _aTextual | ||
| 040 |
_aFEDL _beng _cFEDL |
||
| 041 |
_aeng _2eng |
||
| 084 |
_a111.85, IND _qFEDL |
||
| 245 | 0 | _aIndian aesthetics and art activity: Proceedings of a seminar | |
| 245 | 0 | _cIndian Institute of Advanced Study | |
| 260 |
_aShimla, India _bIndian Institute of Advanced Study _c1968 |
||
| 300 | _a327p | ||
| 650 | _aPhilosophy | ||
| 942 |
_cTEXL _h111.85, IND |
||
| 999 |
_c1377333 _d1377333 |
||